000 00477nam a2200193Ia 4500
005 20250603145158.0
008 250603s9999 xx 000 0 und d
020 _a978-0-13-247275-3
050 _aQA 76.73 .J38 L52/
100 _aLiang, Y.Daniel
245 0 _aIntroduction to Java programming : comphrehensive version
250 _a8th ed.
260 _aNew Jersey
260 _bPearson
260 _c2011
300 _a1364 p
650 _aNew Jersey
942 _cBK
999 _c41106
_d41106